000 00505pab a2200193 454500
008 180718b2014 xxu||||| |||| 00| 0 eng d
100 _aKok, Nils
245 _aLand use regulations and the value of land and housing: An intra-metropolitan analysis
260 _c2014
300 _ap.136-148.
362 _aMay
650 _aHousing
650 _aLand use
700 _aQuigley, John M.
700 _aMonkkonen, Paavo
773 _aJournal of Urban Economics
908 _aN
909 _a104791
999 _c104786
_d104786